Ergonómia a fyzikálne prostredie v systéme organizácie práce diplomová práca

Gespeichert in:
Bibliographische Detailangaben
1. Verfasser: Kovalčík, Kevin
Körperschaft: Fakulta podnikového manažmentu EU. Katedra manažmentu
Weitere Verfasser: Nachtmannová, Oľga, 1963-
Format: Buch
Sprache:Slowakisch
Veröffentlicht: Bratislava 2021
Tags: Tag hinzufügen
Keine Tags, Fügen Sie das erste Tag hinzu!

MARC

LEADER 00000nbm a2200000 4500
001 0275762
005 20211125104953.6
041 0 |a slo 
044 |a SK 
245 1 0 |a Ergonómia a fyzikálne prostredie v systéme organizácie práce  |b diplomová práca  |c Kevin Kovalčík ; školiteľ: Oľga Nachtmannová 
264 1 |a Bratislava  |c 2021 
300 |a 69 s. 
100 1 |a Kovalčík, Kevin 
700 1 |a Nachtmannová, Oľga, 1963- 
710 2 |a Fakulta podnikového manažmentu EU. Katedra manažmentu